000 004880000a22001810004500
003 MACL
005 20150705165015.0
008 150705b xxu||||| |||| 00| 0 eng d
040 _aMACL
_cMACL
041 _aEnglish
082 _a610/CHA
100 _aChandiramani, Radhika
_9999
245 _aGood Times For Everyone
_bSexuality Questions Feminist Answers
260 _bWomen Unlimited
_c2008
_aNew Delhi
350 _a200
650 _aMedical Science
_985
942 _cBK
_k610/CHA
_2ddc
999 _c40991
_d40991